[Event "Bastia op"]
[Site "Bastia"]
[Date "2023.07.10"]
[Round "7"]
[White "Bulmaga, Irina"]
[Black "Degraeve, Remy"]
[Result "1-0"]
[WhiteElo "2416"]
[BlackElo "2467"]
[PlyCount "77"]
[EventDate "2023.07.09"]
[EventType "swiss"]
[EventRounds "9"]
[EventCountry "FRA"]
[SourceTitle "CBM 215 Extra"]
[Source "ChessBase"]
[SourceDate "2023.09.30"]
[SourceVersion "1"]
[SourceVersionDate "2023.09.30"]
[SourceQuality "1"]

1. e4 c5 2. Nf3 Nc6 3. Bb5 e6 4. 0-0 Nge7 5. Re1 Nd4 6. Nxd4 cxd4 7. c3 a6 8. Bf1 Nc6 9. Na3 Bc5 10. b4 Ba7 11. Bb2 0-0 12. Nc2 dxc3 13. dxc3 b5 14. a4 Bb7 15. Nd4 f5 16. axb5 Nxd4 17. cxd4 axb5 18. d5 Qb6 19. Re3 fxe4 20. Rxa7 Qxa7 21. Bd4 Qa2 22. Rg3 e5 23. Rxg7+ Kxg7 24. Qg4+ Kf7 25. Qf5+ Kg7 26. Qxe5+ Kf7 27. Qg7+ Ke8 28. Qe5+ Kf7 29. Qg7+ Ke8 30. Bc5 Kd8 31. Qxf8+ Kc7 32. Qd6+ Kd8 33. Qf8+ Kc7 34. Qf4+ Kd8 35. Qf6+ Kc8 36. Bb6 Bxd5 37. Qd8+ Kb7 38. Qc7+ Ka6 39. Be3 1-0

[Event "Bastia op"]
[Site "Bastia"]
[Date "2023.07.09"]
[Round "1"]
[White "Peretti, Charles"]
[Black "Degraeve, Remy"]
[Result "0-1"]
[WhiteElo "1413"]
[BlackElo "2467"]
[PlyCount "46"]
[EventDate "2023.07.09"]
[EventType "swiss"]
[EventRounds "9"]
[EventCountry "FRA"]
[SourceTitle "CBM 215 Extra"]
[Source "ChessBase"]
[SourceDate "2023.09.30"]
[SourceVersion "1"]
[SourceVersionDate "2023.09.30"]
[SourceQuality "1"]

1. e4 c5 2. Nf3 Nc6 3. d4 cxd4 4. Nxd4 e5 5. Nb3 Nf6 6. f3 d5 7. exd5 Nxd5 8. Bc4 Qh4+ 9. g3 Qxc4 10. N1d2 Qb4 11. c3 Qa4 12. 0-0 Be7 13. Ne4 Be6 14. f4 Qxe4 15. Re1 Qg6 16. Qe2 exf4 17. c4 Ne3 18. Bxe3 fxe3 19. Qxe3 0-0 20. Rad1 Rad8 21. Rc1 h5 22. Rc3 h4 23. Nd4 Nxd4 0-1

[Event "FRA-chT Top 16 Gp Basse"]
[Site "Chartres"]
[Date "2023.06.10"]
[Round "3.1"]
[White "Degraeve, Remy"]
[Black "Kuhn, Clement"]
[Result "1-0"]
[WhiteElo "2445"]
[BlackElo "2313"]
[PlyCount "61"]
[EventDate "2023.06.08"]
[EventType "team-tourn"]
[EventRounds "4"]
[EventCountry "FRA"]
[SourceTitle "CBM 214 Extra"]
[Source "ChessBase"]
[SourceDate "2023.07.31"]
[SourceVersion "1"]
[SourceVersionDate "2023.07.31"]
[SourceQuality "1"]
[WhiteTeam "Marseille"]
[BlackTeam "Tremblay en France"]
[WhiteTeamCountry "FRA"]
[BlackTeamCountry "FRA"]

1. e4 e6 2. d4 d5 3. Nc3 Nf6 4. Bg5 dxe4 5. Nxe4 Be7 6. Nxf6+ Bxf6 7. Bxf6 Qxf6 8. Nf3 0-0 9. Qd3 c5 10. 0-0-0 Rd8 11. Qe4 Nc6 12. Bd3 Qh6+ 13. Kb1 f5 14. Qe2 cxd4 15. Rhe1 Qf6 16. Bc4 Rd6 17. c3 Bd7 18. Nxd4 Nxd4 19. Rxd4 Rxd4 20. cxd4 Re8 21. Qd2 Bc6 22. d5 Qd8 23. d6 Bd7 24. Re5 Qc8 25. Qd4 Kf8 26. a3 b6 27. g4 Qd8 28. gxf5 Qf6 29. fxe6 Bxe6 30. Bxe6 Rxe6 31. d7 1-0

[Event "FRA-chT Top 16 Gp Basse"]
[Site "Chartres"]
[Date "2023.06.08"]
[Round "1.4"]
[White "Jossien, Arnaud"]
[Black "Degraeve, Remy"]
[Result "0-1"]
[WhiteElo "2268"]
[BlackElo "2445"]
[PlyCount "108"]
[EventDate "2023.06.08"]
[EventType "team-tourn"]
[EventRounds "4"]
[EventCountry "FRA"]
[SourceTitle "CBM 214 Extra"]
[Source "ChessBase"]
[SourceDate "2023.07.31"]
[SourceVersion "1"]
[SourceVersionDate "2023.07.31"]
[SourceQuality "1"]
[WhiteTeam "Cappelle la Grande"]
[BlackTeam "Marseille"]
[WhiteTeamCountry "FRA"]
[BlackTeamCountry "FRA"]

1. e4 c5 2. Nc3 Nc6 3. Nge2 Nd4 4. Nxd4 cxd4 5. Nb5 e5 6. Qh5 d6 7. Bc4 g6 8. Qf3 Nf6 9. Nc7+ Qxc7 10. Qxf6 Qxc4 11. Qxh8 d3 12. 0-0 Qxe4 13. b3 Bd7 14. cxd3 Qd4 15. Ba3 h5 16. Rac1 Bc6 17. Qf6 Be7 18. Qh8+ Bf8 19. Qf6 Qd5 20. Qf3 Qxf3 21. gxf3 Kd7 22. d4 exd4 23. Bb2 Bg7 24. f4 a5 25. f3 a4 26. Rc4 axb3 27. axb3 d5 28. Bxd4 dxc4 29. Bxg7 cxb3 30. Kf2 Ke6 31. Bd4 Kf5 32. Be3 Ra2 33. Rb1 Bd5 34. Rc1 Ra5 35. Rg1 Rb5 36. Rb1 Bc4 37. Bd4 Bd3 38. Rg1 Kxf4 39. Bb2 Rd5 40. h4 Bc4 41. d4 Kf5 42. Ke3 f6 43. Rc1 b5 44. Kf2 Rd6 45. Re1 Ra6 46. Ra1 Rxa1 47. Bxa1 Bd5 48. Bb2 b4 49. Kg3 g5 50. hxg5 fxg5 51. Bc1 h4+ 52. Kf2 g4 53. fxg4+ Kxg4 54. Kg1 Kg3 0-1

[Event "FRA-ch U20"]
[Site "Agen"]
[Date "2023.04.25"]
[Round "4"]
[White "Boyer, Mahel"]
[Black "Degraeve, Remy"]
[Result "1-0"]
[WhiteElo "2463"]
[BlackElo "2443"]
[PlyCount "153"]
[EventDate "2023.04.23"]
[EventType "swiss"]
[EventRounds "9"]
[EventCountry "FRA"]
[SourceTitle "CBM 213 Extra"]
[Source "ChessBase"]
[SourceDate "2023.05.31"]
[SourceVersion "1"]
[SourceVersionDate "2023.05.31"]
[SourceQuality "1"]

1. Nf3 d5 2. e3 Nf6 3. c4 e6 4. b3 c5 5. Bb2 Nc6 6. cxd5 exd5 7. Be2 d4 8. exd4 cxd4 9. Bb5 Bc5 10. Qe2+ Be6 11. Qe5 Qd5 12. Bxc6+ bxc6 13. Bxd4 Bxd4 14. Qxd4 0-0-0 15. Qxa7 Bg4 16. Qa6+ Kc7 17. Nc3 Rhe8+ 18. Kf1 Qd3+ 19. Qxd3 Rxd3 20. Re1 Bxf3 21. gxf3 Rxd2 22. Kg2 Rc2 23. Rc1 Rxc1 24. Rxc1 Re5 25. f4 Rc5 26. a4 Kb6 27. Na2 Rf5 28. Nb4 c5 29. Nd3 Rd5 30. Ne5 Nh5 31. Nc4+ Kc6 32. Ne5+ Kb6 33. Kf3 f6 34. Nc4+ Kc6 35. Ne3 Rd4 36. Rc4 Rxc4 37. Nxc4 g6 38. Ke4 Ng7 39. Na5+ Kb6 40. Nc4+ Kc6 41. h4 Nf5 42. h5 Ng7 43. hxg6 hxg6 44. Na5+ Kb6 45. Nc4+ Kc6 46. Ne3 Ne8 47. Kd3 Nd6 48. Ng4 Ne8 49. Ne3 Nd6 50. Ng4 Ne8 51. Nh6 Nc7 52. f5 g5 53. Kc4 Nd5 54. a5 Ne7 55. b4 cxb4 56. Kxb4 Nd5+ 57. Kc4 Ne7 58. Kd4 Nc8 59. Kc4 Nd6+ 60. Kd4 Nc8 61. Ke4 Nd6+ 62. Kf3 Nb7 63. a6 Nc5 64. a7 Kb7 65. Ng4 Nd7 66. Ke4 Kxa7 67. Kd5 Kb7 68. Ke6 Kc6 69. Nxf6 Nc5+ 70. Ke7 Nd3 71. Ng4 Kd5 72. f6 Nf4 73. f7 Ng6+ 74. Kf6 Nf8 75. Ne5 g4 76. Ng6 Nh7+ 77. Kg7 1-0

[Event "Mitropa Cup"]
[Site "Mali Losinj"]
[Date "2023.04.18"]
[Round "8.3"]
[White "Degraeve, Remy"]
[Black "Hagner, Bennet"]
[Result "1-0"]
[WhiteElo "2443"]
[BlackElo "2354"]
[PlyCount "153"]
[EventDate "2023.04.11"]
[EventType "team-tourn"]
[EventRounds "9"]
[EventCountry "CRO"]
[SourceTitle "CBM 213 Extra"]
[Source "ChessBase"]
[SourceDate "2023.05.31"]
[SourceVersion "1"]
[SourceVersionDate "2023.05.31"]
[SourceQuality "1"]
[WhiteTeam "France"]
[BlackTeam "Germany"]
[WhiteTeamCountry "FRA"]
[BlackTeamCountry "GER"]

1. e4 c5 2. Nf3 d6 3. d4 cxd4 4. Nxd4 Nf6 5. Nc3 a6 6. Rg1 b5 7. a4 b4 8. Nd5 Nxe4 9. Bc4 e6 10. Qe2 Nc5 11. c3 bxc3 12. b4 Nb7 13. g4 Be7 14. Nxe7 Qxe7 15. Rg3 Nd8 16. Rxc3 Nbc6 17. Nxc6 Nxc6 18. b5 Ne5 19. b6 Qb7 20. a5 Bd7 21. f3 0-0 22. Ba3 Rfc8 23. Bxd6 Nxc4 24. Rxc4 Rxc4 25. Qxc4 Qxf3 26. Ra3 Qh1+ 27. Qf1 Qb7 28. Rc3 Bc6 29. Qc4 Rc8 30. g5 Bd7 31. Bc7 Bb5 32. Qf4 Qh1+ 33. Kd2 Bc6 34. Qe5 Bf3 35. Rc1 Qg2+ 36. Kd3 Bd5 37. Rc2 Qf1+ 38. Kd2 Qb5 39. Qc3 Be4 40. Qc5 Qf1 41. Rc3 Bd5 42. Qe3 Qa1 43. Rc5 Qa2+ 44. Ke1 e5 45. Qd3 Bb7 46. Rxe5 Rf8 47. Qd2 Qa4 48. Qd6 Qh4+ 49. Kd1 Bf3+ 50. Kd2 Qf4+ 51. Re3 Qxg5 52. Qe5 Qg2+ 53. Kc3 Qa2 54. Qc5 Qa1+ 55. Kc2 Qd1+ 56. Kb2 h6 57. Qc2 Qd5 58. Qc3 Be4 59. Rg3 Qb5+ 60. Ka3 g6 61. Re3 Bc6 62. Re5 Qa4+ 63. Kb2 Bb7 64. Re3 Bd5 65. Qc5 Qa2+ 66. Kc1 Qa1+ 67. Kd2 Qb2+ 68. Kd3 Be6 69. Qc3 Bf5+ 70. Kd4 Qb1 71. Re1 Qa2 72. b7 Qf2+ 73. Re3 Qh4+ 74. Kc5 Qa4 75. Qb4 Qc2+ 76. Kb6 Qc1 77. Qxf8+ 1-0

[Event "Mitropa Cup"]
[Site "Mali Losinj"]
[Date "2023.04.15"]
[Round "5.3"]
[White "Haring, Filip"]
[Black "Degraeve, Remy"]
[Result "1/2-1/2"]
[WhiteElo "2477"]
[BlackElo "2443"]
[PlyCount "113"]
[EventDate "2023.04.11"]
[EventType "team-tourn"]
[EventRounds "9"]
[EventCountry "CRO"]
[SourceTitle "CBM 213 Extra"]
[Source "ChessBase"]
[SourceDate "2023.05.31"]
[SourceVersion "1"]
[SourceVersionDate "2023.05.31"]
[SourceQuality "1"]
[WhiteTeam "Slovakia"]
[BlackTeam "France"]
[WhiteTeamCountry "SVK"]
[BlackTeamCountry "FRA"]

1. e4 e5 2. Nf3 Nc6 3. Bc4 Nf6 4. d3 Bc5 5. c3 a6 6. 0-0 Ba7 7. Nbd2 d6 8. Bb3 0-0 9. h3 h6 10. Re1 Re8 11. Nf1 Be6 12. Bc2 d5 13. exd5 Bxd5 14. Ng3 Qd6 15. Nh4 Ne7 16. Qe2 Rad8 17. Be3 c5 18. Rad1 b5 19. Qd2 Nh7 20. Qe2 Nf6 21. a4 Bb7 22. axb5 axb5 23. Ne4 Qc6 24. Qf3 Nxe4 25. dxe4 Bb6 26. Qg3 Qf6 27. b4 cxb4 28. Bxb6 Qxb6 29. cxb4 Qf6 30. Bd3 Bc6 31. Bc2 Bb7 32. Bd3 Bc6 33. Bc2 Rxd1 34. Rxd1 Rc8 35. Qg4 Ra8 36. Bb3 Ra3 37. Bd5 Rc3 38. Nf3 Ng6 39. Qc8+ Kh7 40. Qf5 Qxf5 41. exf5 Ne7 42. Bxc6 Nxc6 43. Rd5 Nxb4 44. Rxb5 Nd3 45. Nxe5 Nxe5 46. Rxe5 Ra3 47. Kh2 Rb3 48. Re3 Rb5 49. g4 h5 50. f3 h4 51. Re2 Rb3 52. Kg2 f6 53. Kf2 Kh6 54. Re7 Rb2+ 55. Re2 Rb3 56. Re3 Rb2+ 57. Re2 1/2-1/2

[Event "Mitropa Cup"]
[Site "Mali Losinj"]
[Date "2023.04.12"]
[Round "2.3"]
[White "Degraeve, Remy"]
[Black "Lodici, Lorenzo"]
[Result "1-0"]
[WhiteElo "2443"]
[BlackElo "2524"]
[PlyCount "131"]
[EventDate "2023.04.11"]
[EventType "team-tourn"]
[EventRounds "9"]
[EventCountry "CRO"]
[SourceTitle "CBM 213 Extra"]
[Source "ChessBase"]
[SourceDate "2023.05.31"]
[SourceVersion "1"]
[SourceVersionDate "2023.05.31"]
[SourceQuality "1"]
[WhiteTeam "France"]
[BlackTeam "Italy"]
[WhiteTeamCountry "FRA"]
[BlackTeamCountry "ITA"]

1. e4 e5 2. Nf3 Nc6 3. Bc4 Nf6 4. d3 h6 5. 0-0 d6 6. a4 g6 7. Nc3 Bg7 8. h3 0-0 9. Be3 Qe8 10. Re1 Kh7 11. Rb1 Be6 12. Bxe6 fxe6 13. d4 exd4 14. Nxd4 Ne5 15. f4 Nc4 16. Bc1 e5 17. Ndb5 Qc6 18. b3 a6 19. Nxc7 Qxc7 20. bxc4 Qxc4 21. Qd3 Rac8 22. Bd2 Rf7 23. Rf1 Qd4+ 24. Kh2 Rc4 25. f5 gxf5 26. Rxf5 Rfc7 27. Rxf6 Bxf6 28. Nd5 Bg7 29. Nxc7 Rxc7 30. Rb4 Qf2 31. Rb1 Qc5 32. Qf3 Qc6 33. Ba5 Qxc2 34. Rb3 Re7 35. Bb4 Qc6 36. Rd3 Qe8 37. Qf5+ Qg6 38. Rxd6 Qxf5 39. exf5 Rc7 40. Re6 Rc4 41. Rb6 e4 42. Rxb7 Kg8 43. Kg3 Be5+ 44. Kg4 Rc2 45. g3 Rb2 46. Re7 Bxg3 47. Rxe4 Bc7 48. Re8+ Kf7 49. Rf8+ Kg7 50. Bc3+ Kxf8 51. Bxb2 Kf7 52. Kf3 Ba5 53. Ke4 Be1 54. Bc1 h5 55. Bb2 Ke7 56. Kd5 Kf7 57. Be5 Bd2 58. Kc6 Be1 59. Kb6 a5 60. Kb5 Bd2 61. Bc7 Kf6 62. Bxa5 Bf4 63. Bb6 Kxf5 64. a5 Ke4 65. a6 Bb8 66. Kc6 1-0

[Event "Vandoeuvre op 19th"]
[Site "Vandoeuvre"]
[Date "2022.12.22"]
[Round "9"]
[White "Solodovnichenko, Yuri"]
[Black "Degraeve, Remy"]
[Result "0-1"]
[WhiteElo "2522"]
[BlackElo "2410"]
[PlyCount "98"]
[EventDate "2022.12.18"]
[EventType "swiss"]
[EventRounds "9"]
[EventCountry "FRA"]
[SourceTitle "CBM 211 Extra"]
[Source "ChessBase"]
[SourceDate "2023.01.31"]
[SourceVersion "1"]
[SourceVersionDate "2023.01.31"]
[SourceQuality "1"]

1. e4 c5 2. Nf3 g6 3. Bc4 Nc6 4. 0-0 Bg7 5. Re1 e6 6. Nc3 Nge7 7. d3 0-0 8. Bg5 h6 9. Bh4 g5 10. Bg3 d5 11. exd5 exd5 12. Bb3 Bg4 13. h3 Bh5 14. Nb5 a6 15. Nd6 f5 16. c4 d4 17. Nxb7 Qb6 18. Nd6 f4 19. Bh2 Ne5 20. Ne4 Bxf3 21. gxf3 N7g6 22. Bc2 Qe6 23. Nd2 Qxh3 24. Kh1 Nh4 25. Rg1 Nexf3 26. Nxf3 Nxf3 27. Rg2 Rae8 28. Qf1 Nh4 29. Ba4 Rc8 30. Re1 Nxg2 31. Qxg2 Qxg2+ 32. Kxg2 Kf7 33. Kh3 Rc7 34. Bd1 Re7 35. Bh5+ Kf6 36. Rb1 Rb8 37. Kg2 a5 38. Kf3 a4 39. b3 Rb6 40. Bg1 Kf5 41. Bh2 Bf8 42. Bg1 Rg7 43. Bg4+ Kf6 44. Bh2 Bd6 45. Bh5 Re7 46. Bg1 Rb8 47. Bh2 Bc7 48. Kg2 Ba5 49. Kf1 Bc3 0-1

[Event "Allauch op 4th"]
[Site "Allauch"]
[Date "2022.08.28"]
[Round "9"]
[White "Avanesyan, David"]
[Black "Degraeve, Remy"]
[Result "1/2-1/2"]
[WhiteElo "2040"]
[BlackElo "2419"]
[PlyCount "100"]
[EventDate "2022.08.22"]
[EventType "swiss"]
[EventRounds "9"]
[EventCountry "FRA"]
[SourceTitle "CBM 210 Extra"]
[Source "ChessBase"]
[SourceDate "2022.11.30"]
[SourceVersion "1"]
[SourceVersionDate "2022.11.30"]
[SourceQuality "1"]

1. Nf3 d5 2. g3 Nf6 3. Bg2 e6 4. 0-0 Be7 5. d3 0-0 6. c4 c5 7. b3 Nc6 8. Bb2 d4 9. a3 a5 10. e4 e5 11. Nh4 g6 12. Bc1 Kh8 13. Bg5 Nh5 14. Bxe7 Qxe7 15. Qd2 Nf4 16. Nf3 Nxg2 17. Kxg2 f5 18. Qh6 fxe4 19. Ng5 exd3 20. Nxh7 Bh3+ 21. Qxh3 Qxh7 22. Qxh7+ Kxh7 23. Nd2 a4 24. Rab1 Rfb8 25. Rfc1 b5 26. b4 bxc4 27. Rxc4 Nxb4 28. axb4 cxb4 29. Rcxb4 Rxb4 30. Rxb4 a3 31. Rb1 Rc8 32. Kf1 a2 33. Ra1 Rc2 34. Ke1 g5 35. h3 Kg6 36. f3 Kf5 37. Kd1 Ke6 38. h4 gxh4 39. gxh4 Kf5 40. h5 Kg5 41. Nb3 Rb2 42. Nc1 d2 43. Nxa2 Kxh5 44. Nb4 Rxb4 45. Ra5 Kg5 46. Rxe5+ Kf4 47. Re8 Rb2 48. Re4+ Kxf3 49. Rxd4 Ke3 50. Rd3+ Kxd3 1/2-1/2

[Event "Allauch op 4th"]
[Site "Allauch"]
[Date "2022.08.27"]
[Round "8"]
[White "Degraeve, Remy"]
[Black "Moncamp, Gilles"]
[Result "1-0"]
[WhiteElo "2419"]
[BlackElo "2119"]
[PlyCount "59"]
[EventDate "2022.08.22"]
[EventType "swiss"]
[EventRounds "9"]
[EventCountry "FRA"]
[SourceTitle "CBM 210 Extra"]
[Source "ChessBase"]
[SourceDate "2022.11.30"]
[SourceVersion "1"]
[SourceVersionDate "2022.11.30"]
[SourceQuality "1"]

1. e4 d6 2. d4 Nf6 3. Nc3 g6 4. Be3 a6 5. h3 b5 6. e5 b4 7. exf6 bxc3 8. fxe7 Qxe7 9. bxc3 Bg7 10. Nf3 0-0 11. Bd3 Nd7 12. 0-0 Nb6 13. Re1 Be6 14. Qc1 Bd5 15. Bh6 Qd7 16. Nh2 f5 17. Bxg7 Kxg7 18. Qf4 Rae8 19. Rxe8 Qxe8 20. Nf1 Qc6 21. Re1 Rf7 22. Ng3 Bxg2 23. Qg5 Bxh3 24. Nh5+ Kg8 25. Re3 Qg2+ 26. Qxg2 Bxg2 27. Re8+ Rf8 28. Nf6+ Kf7 29. Rxf8+ Kxf8 30. Kxg2 1-0

[Event "Allauch op 4th"]
[Site "Allauch"]
[Date "2022.08.26"]
[Round "7"]
[White "Pichon, Ewen"]
[Black "Degraeve, Remy"]
[Result "1-0"]
[WhiteElo "2112"]
[BlackElo "2419"]
[PlyCount "86"]
[EventDate "2022.08.22"]
[EventType "swiss"]
[EventRounds "9"]
[EventCountry "FRA"]
[SourceTitle "CBM 210 Extra"]
[Source "ChessBase"]
[SourceDate "2022.11.30"]
[SourceVersion "1"]
[SourceVersionDate "2022.11.30"]
[SourceQuality "1"]

1. d4 d5 2. c4 e6 3. Nc3 Nf6 4. cxd5 Nxd5 5. e4 Nxc3 6. bxc3 c5 7. Nf3 cxd4 8. cxd4 Bb4+ 9. Bd2 Bxd2+ 10. Qxd2 0-0 11. Bc4 Nd7 12. 0-0 b6 13. Rfe1 Bb7 14. Rad1 Rc8 15. Bb3 Re8 16. Qf4 Qc7 17. Qxc7 Rxc7 18. Nd2 Nf6 19. f3 Rd8 20. Nc4 Rcd7 21. Na3 Rxd4 22. Rxd4 Rxd4 23. Nb5 Rd7 24. Nxa7 g5 25. Rd1 Kg7 26. Nb5 Rxd1+ 27. Bxd1 h5 28. Kf2 Nd7 29. Be2 Nc5 30. Nd6 Bc6 31. Ke3 Kf6 32. Nc4 Nd7 33. Kd4 e5+ 34. Kc3 h4 35. Kb4 g4 36. Nxb6 Nxb6 37. Kc5 Na4+ 38. Kxc6 Nc3 39. Bc4 h3 40. gxh3 gxf3 41. h4 Nxe4 42. a4 Nd2 43. Bb5 e4 1-0

[Event "Allauch op 4th"]
[Site "Allauch"]
[Date "2022.08.22"]
[Round "1"]
[White "Pinto, Axel"]
[Black "Degraeve, Remy"]
[Result "1/2-1/2"]
[WhiteElo "1776"]
[BlackElo "2419"]
[PlyCount "121"]
[EventDate "2022.08.22"]
[EventType "swiss"]
[EventRounds "9"]
[EventCountry "FRA"]
[SourceTitle "CBM 210 Extra"]
[Source "ChessBase"]
[SourceDate "2022.11.30"]
[SourceVersion "1"]
[SourceVersionDate "2022.11.30"]
[SourceQuality "1"]

1. e4 e5 2. Nf3 Nc6 3. Bb5 a6 4. Ba4 Nf6 5. 0-0 Be7 6. d3 b5 7. Bb3 d6 8. c3 0-0 9. a4 Bb7 10. Re1 Na5 11. Bc2 c5 12. d4 cxd4 13. cxd4 Rc8 14. axb5 axb5 15. Nbd2 Nc6 16. d5 Nb4 17. Bb1 Ra8 18. Rxa8 Qxa8 19. Nf1 Qa1 20. Bd2 Qxb2 21. Re3 Na6 22. Bc3 Qa3 23. Bxe5 Qa4 24. Bc2 Qa5 25. Bxf6 Bxf6 26. e5 dxe5 27. Nxe5 Bxe5 28. Rxe5 g6 29. Ne3 Qc3 30. Re7 Nc5 31. h3 Qf6 32. d6 h5 33. Rc7 Qe5 34. Re7 Qf6 35. Rc7 Qe5 36. Re7 Qf4 37. d7 Qc7 38. Nd5 Bxd5 39. Qxd5 Nxd7 40. Bxg6 Qc1+ 41. Kh2 Qf4+ 42. Kg1 Qc1+ 43. Kh2 Qf4+ 44. Kg1 Nf6 45. Bxf7+ Kh8 46. Qxb5 Qd6 47. Qe2 Ra8 48. Qe5 Qxe5 49. Rxe5 h4 50. Rf5 Kg7 51. Bc4 Kg6 52. Bd3 Ra3 53. Rf3+ Kg5 54. Be2 Ra1+ 55. Kh2 Ra2 56. Re3 Kf4 57. Re6 Ne4 58. Bf3 Nxf2 59. Re2 Rxe2 60. Bxe2 Ne4 61. Bd3 1/2-1/2

[Event "Bassano del Grappa op 10"]
[Site "Bassano del Grappa"]
[Date "2020.10.25"]
[Round "5"]
[White "Degraeve, Remy"]
[Black "Gilevich, Artem"]
[Result "1/2-1/2"]
[WhiteElo "2356"]
[BlackElo "2406"]
[PlyCount "132"]
[EventDate "2020.10.23"]
[EventType "swiss"]
[EventRounds "5"]
[EventCountry "ITA"]
[SourceTitle "EXT 2022"]
[Source "ChessBase"]
[SourceDate "2021.10.06"]
[SourceVersion "1"]
[SourceVersionDate "2021.10.06"]
[SourceQuality "1"]

1. d4 d5 2. c4 dxc4 3. e4 e5 4. Nf3 Bb4+ 5. Nc3 exd4 6. Qxd4 Qxd4 7. Nxd4 Nf6 8. f3 c6 9. Bxc4 Nbd7 10. Bf4 0-0 11. 0-0-0 Re8 12. a3 Bc5 13. g4 Ne5 14. Be2 Ng6 15. Bg3 h5 16. h3 a5 17. Kc2 Bf8 18. Na4 hxg4 19. hxg4 Nd7 20. Rh5 b5 21. Nc3 Nf6 22. Rh2 b4 23. Na4 Ba6 24. Bxa6 Rxa6 25. Kb3 Rd8 26. Rhd2 Nh7 27. Nf5 Rxd2 28. Rxd2 Ng5 29. Rd8 Kh7 30. Rd3 Ne6 31. Rd7 Kg8 32. Nd4 Ng5 33. Rd8 Kh7 34. f4 Nxe4 35. f5 Nh8 36. Rxf8 Nxg3 37. Nc5 Ra7 38. axb4 axb4 39. Kxb4 f6 40. Nxc6 Rf7 41. Rxf7 Nxf7 42. Kc4 g6 43. fxg6+ Kxg6 44. Kd5 Nf1 45. b4 Ne3+ 46. Ke6 Ng5+ 47. Kd7 Nf3 48. b5 Nc4 49. Ne4 Nh2 50. Kc7 Nxg4 51. Nd6 Nge3 52. Ne7+ Kg5 53. Ne4+ Kf4 54. Nxf6 Ke5 55. Nd7+ Ke6 56. Kd8 Nc2 57. Nc5+ Kd6 58. Ne4+ Ke6 59. Nd2 Nxd2 60. b6 Nb4 61. b7 Na6 62. Nc6 Nc4 63. Nb4 Nxb4 64. b8Q Nc6+ 65. Kc7 Nxb8 66. Kxb8 Ke5 1/2-1/2

[Event "Bassano del Grappa op 10"]
[Site "Bassano del Grappa"]
[Date "2020.10.25"]
[Round "4"]
[White "Mameli, Gianluca"]
[Black "Degraeve, Remy"]
[Result "0-1"]
[WhiteElo "2078"]
[BlackElo "2356"]
[PlyCount "72"]
[EventDate "2020.10.23"]
[EventType "swiss"]
[EventRounds "5"]
[EventCountry "ITA"]
[SourceTitle "EXT 2022"]
[Source "ChessBase"]
[SourceDate "2021.10.06"]
[SourceVersion "1"]
[SourceVersionDate "2021.10.06"]
[SourceQuality "1"]

1. e4 e5 2. Nf3 Nc6 3. Bb5 a6 4. Ba4 Nf6 5. d3 b5 6. Bb3 Bc5 7. Nc3 d6 8. Nd5 h6 9. Be3 Bxe3 10. Nxe3 Na5 11. 0-0 0-0 12. Qd2 Nxb3 13. axb3 Re8 14. c4 Rb8 15. Ra5 c6 16. Rfa1 d5 17. exd5 cxd5 18. c5 d4 19. Nc2 Bb7 20. Nfe1 Nd5 21. Nb4 Nxb4 22. Qxb4 Qd5 23. Rc1 Rbc8 24. f3 Re6 25. Qd2 Rxc5 26. Rxc5 Qxc5 27. b4 Qe7 28. Ra1 f5 29. Rc1 e4 30. dxe4 fxe4 31. Qxd4 exf3 32. Nxf3 Bxf3 33. Rc8+ Kh7 34. gxf3 Rd6 35. Qc3 Qe2 36. Qc2+ Rg6+ 0-1

[Event "Cattolica op 7th"]
[Site "Cattolica"]
[Date "2020.09.07"]
[Round "8"]
[White "Gallana, Marco"]
[Black "Degraeve, Remy"]
[Result "1-0"]
[WhiteElo "2195"]
[BlackElo "2328"]
[PlyCount "89"]
[EventDate "2020.08.31"]
[EventType "swiss"]
[EventRounds "9"]
[EventCountry "ITA"]
[SourceTitle "EXT 2021"]
[Source "ChessBase"]
[SourceDate "2020.10.23"]
[SourceVersion "1"]
[SourceVersionDate "2020.10.23"]
[SourceQuality "1"]

1. d4 Nf6 2. Nf3 g6 3. c4 Bg7 4. Nc3 d5 5. cxd5 Nxd5 6. e4 Nxc3 7. bxc3 c5 8. Be3 Qa5 9. Qd2 0-0 10. Rc1 Nd7 11. Bd3 e5 12. d5 f5 13. Bh6 f4 14. Bxg7 Kxg7 15. Rb1 Qd8 16. 0-0 g5 17. Bb5 g4 18. Ne1 Nf6 19. f3 gxf3 20. Nxf3 Qd6 21. Qe1 a6 22. Bd3 c4 23. Bc2 Ng4 24. Qh4 Re8 25. Ng5 Qg6 26. Bd1 Nf6 27. Rb6 h6 28. Nh7 Kxh7 29. Rxf6 Qg5 30. Qxg5 hxg5 31. Rb6 Rb8 32. Ba4 Rg8 33. Rfb1 g4 34. R1b4 Rg6 35. d6 Rg7 36. Rxc4 Be6 37. Rc7 Rc8 38. Rxg7+ Kxg7 39. d7 Bxd7 40. Bxd7 Rxc3 41. Bxg4 Rc1+ 42. Kf2 Rc2+ 43. Be2 Rxa2 44. Rxb7+ Kf6 45. Rb6+ 1-0

[Event "Cattolica op 7th"]
[Site "Cattolica"]
[Date "2020.09.06"]
[Round "7"]
[White "Degraeve, Remy"]
[Black "David, Alberto"]
[Result "0-1"]
[WhiteElo "2328"]
[BlackElo "2520"]
[PlyCount "64"]
[EventDate "2020.08.31"]
[EventType "swiss"]
[EventRounds "9"]
[EventCountry "ITA"]
[SourceTitle "EXT 2021"]
[Source "ChessBase"]
[SourceDate "2020.10.23"]
[SourceVersion "1"]
[SourceVersionDate "2020.10.23"]
[SourceQuality "1"]

1. d4 f5 2. Nc3 Nf6 3. Bg5 d5 4. Bxf6 exf6 5. e3 Be6 6. Qf3 Nc6 7. Bb5 Qd7 8. Nge2 0-0-0 9. Nf4 Bf7 10. Nd3 g6 11. Na4 a6 12. Nac5 Qe8 13. Ba4 Nxd4 14. Qf4 Nc6 15. 0-0-0 Bd6 16. Qf3 Kb8 17. Rhe1 Ka7 18. b4 b6 19. Qe2 bxc5 20. bxc5 Be5 21. Kd2 Qe6 22. f4 Na5 23. fxe5 Nc4+ 24. Kc1 Rb8 25. c3 a5 26. exf6 Qxf6 27. Kc2 Rhe8 28. Qf2 Re4 29. Bb3 Na3+ 30. Kb2 Nb5 31. Ka1 a4 32. Qb2 axb3 0-1

[Event "Cattolica op 7th"]
[Site "Cattolica"]
[Date "2020.09.02"]
[Round "3"]
[White "Degraeve, Remy"]
[Black "Basso, Pier Luigi"]
[Result "1-0"]
[WhiteElo "2328"]
[BlackElo "2600"]
[PlyCount "117"]
[EventDate "2020.08.31"]
[EventType "swiss"]
[EventRounds "9"]
[EventCountry "ITA"]
[SourceTitle "EXT 2021"]
[Source "ChessBase"]
[SourceDate "2020.10.23"]
[SourceVersion "1"]
[SourceVersionDate "2020.10.23"]
[SourceQuality "1"]

1. e4 e5 2. Nf3 Nc6 3. Nc3 Nf6 4. Bb5 Bc5 5. 0-0 0-0 6. Nxe5 Nxe5 7. d4 Bd6 8. f4 Nc6 9. e5 Be7 10. exf6 Bxf6 11. d5 Nb4 12. d6 cxd6 13. Be3 a6 14. Ba4 b5 15. Bb3 Qc7 16. a3 Bxc3 17. bxc3 Nc6 18. f5 Ne5 19. f6 g6 20. Bd4 Bb7 21. Qd2 Kh8 22. Qh6 Rg8 23. Bxe5 dxe5 24. Bxf7 Qc5+ 25. Rf2 Qf8 26. Qxf8 Rgxf8 27. Bb3 d5 28. a4 bxa4 29. Rxa4 a5 30. Rd2 Bc6 31. Ra1 a4 32. Bxd5 Rxf6 33. c4 Ra5 34. Re2 a3 35. Rxe5 Bd7 36. Re3 a2 37. Rb3 Bf5 38. Rb2 Rfa6 39. Kf2 Kg7 40. Ke3 Ra3+ 41. Kd4 Kf6 42. h4 g5 43. hxg5+ Kxg5 44. c5 R6a4+ 45. Ke5 Rc3 46. c6 Bxc2 47. Raxa2 Rxa2 48. Rxa2 Bf5 49. Ra5 h5 50. Kd6 Kf6 51. c7 h4 52. Ra8 h3 53. gxh3 Bxh3 54. Rf8+ Kg5 55. Rf3 Rxf3 56. Bxf3 Kf4 57. Bc6 Bc8 58. Bd7 Ba6 59. Kc6 1-0